000 00804nam a2200265Ia 4500
003 OSt
005 20220930083140.0
006 a|||||r|||| 00| 0
007 ta
008 220926b |||||||| |||| 00| 0 eng d
024 _a74279
037 _cTheses
040 _aCRL
_cCRL
_beng
041 _2eng
_aeng
100 _aAgarwal Neeraj
_9533857
110 _aUniversity of Delhi. Faculty of Medical Sciences. Department of Medicine
245 0 _aStudy of thyroid autoimmunity in (Type-I) diabetes mellitus
260 _c2002
300 _a152p.
_ap.
_ccm.
650 _aMEDICINE
700 _a Puniya V P S Gu.
_9533858
700 _aUniversity of Delhi. Faculty of Medical Sciences. Department of Medicine
942 _cDIS
_2CC
999 _c874720
_d874720